[Event "Heusenstamm Sparkassen op 11th"]
[Site "Heusenstamm"]
[Date "2024.11.23"]
[Round "5"]
[White "Boeddeker, Henry"]
[Black "Calvi, Stefan"]
[Result "1-0"]
[WhiteElo "2059"]
[BlackElo "1978"]
[PlyCount "57"]
[EventDate "2024.11.21"]
[EventType "swiss"]
[EventRounds "7"]
[EventCountry "GER"]
[SourceTitle "CB51_2024"]
[SourceDate "2024.12.18"]
[SourceVersion "1"]
[SourceVersionDate "2024.12.18"]
[SourceQuality "1"]

1. e4 c5 2. d4 cxd4 3. Qxd4 Nc6 4. Qd3 g6 5. Nc3 Bg7 6. Nf3 d6 7. Be2 Nf6 8. 0-0 0-0 9. Nd5 Bd7 10. c3 Ng4 11. Bg5 h6 12. Bh4 g5 13. Bg3 Nge5 14. Nxe5 dxe5 15. Rad1 Be6 16. Rfe1 a6 17. Qe3 Bxd5 18. exd5 Nb8 19. Bxe5 Bxe5 20. Qxe5 Nd7 21. Qg3 Qb8 22. d6 e6 23. h4 Qd8 24. Rd4 e5 25. hxg5 hxg5 26. Rh4 Kg7 27. Rh5 Kg6 28. Bd3+ f5 29. Qh3 1-0

[Event "Heusenstamm Sparkassen op 11th"]
[Site "Heusenstamm"]
[Date "2024.11.23"]
[Round "4"]
[White "Gloeckler, Christian"]
[Black "Boeddeker, Henry"]
[Result "1-0"]
[WhiteElo "2266"]
[BlackElo "2059"]
[PlyCount "81"]
[EventDate "2024.11.21"]
[EventType "swiss"]
[EventRounds "7"]
[EventCountry "GER"]
[SourceTitle "CB51_2024"]
[SourceDate "2024.12.18"]
[SourceVersion "1"]
[SourceVersionDate "2024.12.18"]
[SourceQuality "1"]

1. e4 d6 2. d4 Nf6 3. Nc3 e5 4. Nf3 Nbd7 5. g4 Nxg4 6. Rg1 Ngf6 7. Bc4 h6 8. Be3 c6 9. a4 a5 10. dxe5 dxe5 11. Qe2 Qe7 12. 0-0-0 g6 13. Qd3 b6 14. Rd2 Bb7 15. Rgd1 Bg7 16. Ba2 0-0 17. Qd6 Qxd6 18. Rxd6 Bc8 19. Rg1 Kh7 20. Rxc6 Bb7 21. Rd6 Rac8 22. Nd2 Rc6 23. Rxc6 Bxc6 24. f3 h5 25. Bc4 Bh6 26. Nf1 Ne8 27. Bxh6 Kxh6 28. Ne3 Nd6 29. Be2 f5 30. Rd1 Nb7 31. exf5 gxf5 32. Bb5 Bxb5 33. axb5 Nbc5 34. Ncd5 e4 35. f4 Rf7 36. Ne7 Kh7 37. N7xf5 Ne6 38. Ng3 Nxf4 39. Nxe4 Kg7 40. Ng5 Ne2+ 41. Kd2 1-0

[Event "Heusenstamm Sparkassen op 11th"]
[Site "Heusenstamm"]
[Date "2024.11.22"]
[Round "3"]
[White "Boeddeker, Henry"]
[Black "Klein, Levent"]
[Result "1-0"]
[WhiteElo "2059"]
[BlackElo "1966"]
[PlyCount "111"]
[EventDate "2024.11.21"]
[EventType "swiss"]
[EventRounds "7"]
[EventCountry "GER"]
[SourceTitle "CB51_2024"]
[SourceDate "2024.12.18"]
[SourceVersion "1"]
[SourceVersionDate "2024.12.18"]
[SourceQuality "1"]

1. e4 c6 2. Nc3 d5 3. Nf3 Bg4 4. h3 Bxf3 5. Qxf3 e6 6. Be2 Nf6 7. 0-0 Nbd7 8. d4 dxe4 9. Nxe4 Nxe4 10. Qxe4 Nf6 11. Qd3 Be7 12. Bf3 0-0 13. Rd1 Qc7 14. c4 Rfd8 15. Be3 Rd7 16. Qc3 Rad8 17. b4 Ne8 18. g3 Bf6 19. Rac1 Nd6 20. g4 Nc8 21. g5 Be7 22. a4 Bd6 23. b5 Ne7 24. d5 cxd5 25. cxd5 Qxc3 26. Rxc3 Nxd5 27. Bxd5 exd5 28. Bxa7 Bc7 29. Bd4 Kf8 30. Kg2 Re8 31. Kf3 Re4 32. b6 Rf4+ 33. Kg2 Rxd4 34. Rxd4 Bxb6 35. Rdd3 f6 36. gxf6 gxf6 37. Rb3 Rd6 38. Rb5 Ke7 39. a5 Bd8 40. Rbxd5 Rxd5 41. Rxd5 Bc7 42. Rb5 Ke6 43. Rxb7 Bxa5 44. Rxh7 Bd2 45. Kf3 Kf5 46. Rh5+ Kg6 47. Rd5 Bc1 48. Kg4 Ba3 49. h4 Bc1 50. h5+ Kh6 51. Rd6 Bb2 52. f4 Bc3 53. Kf5 Kxh5 54. Rxf6 Bxf6 55. Kxf6 Kh6 56. f5 1-0

[Event "Baden-Baden Autumn op"]
[Site "Baden-Baden"]
[Date "2022.11.05"]
[Round "4"]
[White "Boeddeker, Henry"]
[Black "Korneev, Oleg"]
[Result "0-1"]
[WhiteElo "2120"]
[BlackElo "2470"]
[PlyCount "56"]
[EventDate "2022.11.03"]
[EventType "swiss"]
[EventRounds "7"]
[EventCountry "GER"]
[SourceTitle "EXT 2024"]
[Source "ChessBase"]
[SourceDate "2023.10.10"]
[SourceVersion "1"]
[SourceVersionDate "2023.10.10"]
[SourceQuality "1"]

1. e4 c5 2. Nf3 e6 3. g3 Nc6 4. Bg2 Nf6 5. Qe2 e5 6. 0-0 Be7 7. c3 0-0 8. d4 cxd4 9. cxd4 exd4 10. e5 Ne8 11. Rd1 d6 12. exd6 Bf6 13. Bf4 g5 14. Be5 g4 15. Bf4 gxf3 16. Qxf3 Nxd6 17. Nd2 Bg7 18. Rac1 Be6 19. Qh5 Rc8 20. Rc5 Ne7 21. Rdc1 Ng6 22. Bxd6 Qxd6 23. Ne4 Rxc5 24. Rxc5 Qe7 25. Ng5 h6 26. Nxe6 Qxe6 27. Bd5 Qe7 28. Bb3 Ne5 0-1

[Event "Baden-Baden Autumn op"]
[Site "Baden-Baden"]
[Date "2022.11.04"]
[Round "3"]
[White "Gfroerer, Stefan"]
[Black "Boeddeker, Henry"]
[Result "0-1"]
[WhiteElo "1863"]
[BlackElo "2120"]
[PlyCount "48"]
[EventDate "2022.11.03"]
[EventType "swiss"]
[EventRounds "7"]
[EventCountry "GER"]
[SourceTitle "EXT 2024"]
[Source "ChessBase"]
[SourceDate "2023.10.10"]
[SourceVersion "1"]
[SourceVersionDate "2023.10.10"]
[SourceQuality "1"]

1. d4 d5 2. c4 e6 3. Nc3 Nf6 4. Nf3 Be7 5. g3 dxc4 6. Qa4+ Nbd7 7. Qxc4 a6 8. Bf4 c5 9. Bg2 b5 10. Qd3 Bb7 11. dxc5 Nxc5 12. Qxd8+ Rxd8 13. 0-0 b4 14. Nd1 Nd5 15. Ne3 Nxf4 16. gxf4 0-0 17. Rfd1 Na4 18. Nc4 Bxf3 19. Bxf3 Bf6 20. Rab1 Rc8 21. Rbc1 Bxb2 22. Nxb2 Nxb2 23. Rb1 Nxd1 24. Rxd1 Rfd8 0-1

[Event "EU-Cup 37th"]
[Site "Mayrhofen"]
[Date "2022.10.03"]
[Round "1.4"]
[White "Boeddeker, Henry"]
[Black "Sebenik, Matej"]
[Result "0-1"]
[WhiteElo "2130"]
[BlackElo "2518"]
[PlyCount "76"]
[EventDate "2022.10.03"]
[EventType "team-swiss"]
[EventRounds "7"]
[EventCountry "AUT"]
[SourceTitle "CBM 210 Extra"]
[Source "ChessBase"]
[SourceDate "2022.11.30"]
[SourceVersion "1"]
[SourceVersionDate "2022.11.30"]
[SourceQuality "1"]
[WhiteTeam "Berlin SF"]
[BlackTeam "Ljubljana Tajfun"]
[WhiteTeamCountry "GER"]
[BlackTeamCountry "SLO"]

1. e4 e6 2. d4 d5 3. exd5 exd5 4. Nf3 Nf6 5. Bd3 c5 6. 0-0 c4 7. Re1+ Be7 8. Bf1 0-0 9. b3 cxb3 10. axb3 Ne4 11. Ba3 Bxa3 12. Nxa3 Nc6 13. c4 Bg4 14. h3 Bxf3 15. Qxf3 Nxd4 16. Qe3 Qf6 17. cxd5 Nc3 18. Qe5 Nxb3 19. Qxf6 gxf6 20. Re3 Nxa1 21. Rxc3 Rfc8 22. Bc4 a6 23. d6 b5 24. d7 Rd8 25. Bd5 Ra7 26. Bc6 Kf8 27. Re3 Raxd7 28. Bxd7 Rxd7 29. Kf1 Rc7 30. Ke2 b4 31. Nb1 a5 32. Nd2 a4 33. Re4 Nc2 34. Kd1 a3 35. Nb3 Rc3 36. Re2 Rxb3 37. Rxc2 Rc3 38. Rd2 b3 0-1

[Event "Wunsiedel op 10th"]
[Site "Wunsiedel"]
[Date "2016.05.05"]
[Round "1"]
[White "Boeddeker, Henry"]
[Black "Fedorovsky, Michael"]
[Result "0-1"]
[WhiteElo "2074"]
[BlackElo "2483"]
[PlyCount "72"]
[EventDate "2016.05.05"]
[EventType "swiss"]
[EventRounds "7"]
[EventCountry "GER"]
[SourceTitle "CBM 172 Extra"]
[Source "ChessBase"]
[SourceDate "2016.06.21"]
[SourceVersion "1"]
[SourceVersionDate "2016.06.21"]
[SourceQuality "1"]

1. e4 c5 2. Nf3 d6 3. Bc4 Nf6 4. d3 Nc6 5. c3 g6 6. Nbd2 Bg7 7. 0-0 0-0 8. a4 b6 9. Re1 Bb7 10. Ba2 a6 11. Nf1 b5 12. Ne3 Nd7 13. Ng4 Nde5 14. Nh6+ Kh8 15. Nxe5 Nxe5 16. Qe2 e6 17. Ng4 Nxg4 18. Qxg4 e5 19. Qg5 Qd7 20. Re3 f6 21. Qh4 f5 22. Rh3 Bf6 23. Qh6 fxe4 24. Be6 Qg7 25. Qe3 exd3 26. Qxd3 c4 27. Qe3 Rae8 28. Qb6 Bd8 29. Qa7 Qc7 30. Bh6 Qc6 31. Rg3 Bb6 32. axb5 axb5 33. Bd5 Bxa7 34. Bxc6 Bxf2+ 35. Kh1 Bxc6 36. Rf1 Rf5 0-1

[Event "Hofheim Spring op-A 3rd"]
[Site "Hofheim"]
[Date "2015.04.09"]
[Round "5"]
[White "Boeddeker, Henry"]
[Black "Nichols, Marc"]
[Result "1-0"]
[WhiteElo "1985"]
[BlackElo "2163"]
[PlyCount "75"]
[EventDate "2015.04.07"]
[EventType "swiss"]
[EventRounds "9"]
[EventCountry "GER"]
[SourceTitle "CBM 166 Extra"]
[Source "ChessBase"]
[SourceDate "2015.06.18"]
[SourceVersion "1"]
[SourceVersionDate "2015.06.18"]
[SourceQuality "1"]

1. e4 c5 2. Nf3 d6 3. Bc4 Nf6 4. d3 g6 5. Bb3 Bg7 6. c3 0-0 7. 0-0 Nc6 8. Re1 a6 9. Nbd2 b5 10. Nf1 Bb7 11. Ng3 Nd7 12. d4 Rc8 13. Be3 Na5 14. Bc2 Nc4 15. Rb1 Nxe3 16. fxe3 Nb6 17. Qe2 e6 18. Rbd1 Qe7 19. Rf1 Nc4 20. Bb3 Na5 21. Bc2 Bh6 22. Bd3 Nc4 23. Bxc4 bxc4 24. e5 d5 25. h3 Bc6 26. Nh2 Ba4 27. Rde1 Rb8 28. Ng4 Bg7 29. Nf6+ Kh8 30. Qg4 Rxb2 31. Qh4 Bxf6 32. exf6 Qc7 33. Qg5 e5 34. dxe5 d4 35. Rf4 Bc6 36. Qh6 Rxg2+ 37. Kf1 Rg8 38. Qxh7+ 1-0

[Event "Hofheim Spring op-A 3rd"]
[Site "Hofheim"]
[Date "2015.04.07"]
[Round "1"]
[White "Boeddeker, Henry"]
[Black "Commercon, Simon"]
[Result "0-1"]
[WhiteElo "1985"]
[BlackElo "2216"]
[PlyCount "98"]
[EventDate "2015.04.07"]
[EventType "swiss"]
[EventRounds "9"]
[EventCountry "GER"]
[SourceTitle "CBM 166 Extra"]
[Source "ChessBase"]
[SourceDate "2015.06.18"]
[SourceVersion "1"]
[SourceVersionDate "2015.06.18"]
[SourceQuality "1"]

1. e4 g6 2. d4 Bg7 3. Nc3 d6 4. f4 a6 5. Nf3 b5 6. Bd3 c5 7. Be3 c4 8. Be2 Bb7 9. 0-0 b4 10. Na4 Qa5 11. c3 Bc6 12. b3 bxc3 13. Bxc4 Nf6 14. Ng5 d5 15. exd5 Nxd5 16. Bxd5 Qxd5 17. Nf3 Bxa4 18. bxa4 0-0 19. Qd3 Rc8 20. Rfc1 Qc4 21. Qxc4 Rxc4 22. Nd2 Rxd4 23. Bxd4 Bxd4+ 24. Kf1 Nd7 25. Nb3 Bf6 26. Rc2 Nb6 27. Nc5 Nd5 28. Rac1 Ne3+ 29. Ke2 Nxc2 30. Rxc2 Rc8 31. Ne4 Rc4 32. Nxf6+ exf6 33. g3 Rxa4 34. Kd3 Ra3 35. Kc4 a5 36. Kd5 Kf8 37. Kc6 f5 38. Kd6 Kg7 39. Re2 Ra4 40. Kd5 Rb4 41. Rc2 Rb2 42. Rxc3 Rxa2 43. h3 Rh2 44. h4 Ra2 45. Kc5 Kh6 46. Kd6 a4 47. Ke7 Kg7 48. Re3 Rb2 49. Ke8 Rb3 0-1

[Event "Rhein Main op-A 17th"]
[Site "Bad Homburg"]
[Date "2014.06.22"]
[Round "7"]
[White "Partzsch, Lukas"]
[Black "Boeddeker, Henry"]
[Result "1/2-1/2"]
[WhiteElo "2116"]
[BlackElo "1862"]
[PlyCount "82"]
[EventDate "2014.06.18"]
[EventType "swiss"]
[EventRounds "7"]
[EventCountry "GER"]
[SourceTitle "CBM 161 Extra"]
[Source "ChessBase"]
[SourceDate "2014.08.29"]
[SourceVersion "1"]
[SourceVersionDate "2014.08.29"]
[SourceQuality "1"]

1. d4 d5 2. Nf3 Nf6 3. g3 Bf5 4. Bg2 c6 5. 0-0 h6 6. c4 e6 7. b3 Nbd7 8. Nbd2 Be7 9. Bb2 0-0 10. Ne5 Rc8 11. Re1 Bh7 12. Ndf3 Ne4 13. Nxd7 Qxd7 14. Ne5 Qc7 15. f3 Nf6 16. c5 Nd7 17. Nxd7 Qxd7 18. b4 h5 19. Bh3 Bf5 20. Bxf5 exf5 21. Bc1 Bf6 22. Bf4 Rfe8 23. h4 Re6 24. Qd3 g6 25. e3 Rce8 26. Kf2 Bd8 27. Be5 Bc7 28. f4 f6 29. Bxc7 Qxc7 30. a4 b6 31. cxb6 axb6 32. a5 bxa5 33. bxa5 c5 34. dxc5 Qxc5 35. Qd4 Qc2+ 36. Re2 Qc4 37. Ree1 Qc2+ 38. Kf3 Qc4 39. Qxc4 dxc4 40. a6 Ra8 41. Rec1 Rexa6 1/2-1/2

[Event "Rhein Main op-A 17th"]
[Site "Bad Homburg"]
[Date "2014.06.21"]
[Round "5"]
[White "Chandler, Patrick"]
[Black "Boeddeker, Henry"]
[Result "1-0"]
[WhiteElo "2166"]
[BlackElo "1862"]
[PlyCount "99"]
[EventDate "2014.06.18"]
[EventType "swiss"]
[EventRounds "7"]
[EventCountry "GER"]
[SourceTitle "CBM 161 Extra"]
[Source "ChessBase"]
[SourceDate "2014.08.29"]
[SourceVersion "1"]
[SourceVersionDate "2014.08.29"]
[SourceQuality "1"]

1. e4 d6 2. d4 Nf6 3. Nc3 e5 4. Nf3 Nbd7 5. Bc4 Be7 6. Bxf7+ Kxf7 7. Ng5+ Kg8 8. Ne6 Qe8 9. Nxc7 Qg6 10. 0-0 Rb8 11. f4 exd4 12. Qxd4 d5 13. N7xd5 Bc5 14. Qxc5 Nxc5 15. Ne7+ Kf7 16. Nxg6 hxg6 17. Re1 Bd7 18. e5 Ng8 19. Be3 b6 20. Rad1 Bc6 21. b4 Na4 22. Ne2 Ne7 23. c4 Rhd8 24. Nd4 Nb2 25. Rb1 Nxc4 26. Bf2 b5 27. e6+ Ke8 28. Rb3 Ba8 29. Rh3 Nd5 30. Nf3 Nd6 31. Ne5 Nf5 32. Nxg6 Nh6 33. Bc5 Nf6 34. Ra3 Be4 35. Ne5 Rd2 36. Nd7 Nhg4 37. Rg3 Rb7 38. h3 Rxg2+ 39. Rxg2 Bxg2 40. hxg4 Bd5 41. Nxf6+ gxf6 42. g5 f5 43. Re5 Bxa2 44. Rxf5 Bxe6 45. Rf8+ Kd7 46. f5 Bc4 47. g6 Kc6 48. f6 a5 49. Rc8+ Kd5 50. f7 1-0

[Event "Rhein Main op-A 17th"]
[Site "Bad Homburg"]
[Date "2014.06.20"]
[Round "4"]
[White "Boeddeker, Henry"]
[Black "Busch, Lorenz"]
[Result "1-0"]
[WhiteElo "1862"]
[BlackElo "2118"]
[PlyCount "67"]
[EventDate "2014.06.18"]
[EventType "swiss"]
[EventRounds "7"]
[EventCountry "GER"]
[SourceTitle "CBM 161 Extra"]
[Source "ChessBase"]
[SourceDate "2014.08.29"]
[SourceVersion "1"]
[SourceVersionDate "2014.08.29"]
[SourceQuality "1"]

1. e4 e6 2. d3 d5 3. Qe2 dxe4 4. dxe4 e5 5. Nf3 Nc6 6. c3 Bd6 7. Qc2 Qf6 8. Be3 Nge7 9. Nbd2 h6 10. Nc4 0-0 11. Be2 Rd8 12. 0-0-0 a6 13. Rhg1 b5 14. Nxd6 Rxd6 15. g4 Rxd1+ 16. Qxd1 Qe6 17. b3 Bb7 18. g5 Rd8 19. Qc2 h5 20. g6 Nxg6 21. Ng5 Qd6 22. Bxh5 Nce7 23. b4 Qd3 24. Qb3 Qc4 25. Qxc4 bxc4 26. Bc5 Rd3 27. Be2 Rxc3+ 28. Kb2 Nf4 29. Bf1 Rd3 30. Bxe7 Rd2+ 31. Kc3 Rxf2 32. Bxc4 Ne2+ 33. Bxe2 Rxe2 34. Rd1 1-0

[Event "Hofheim Spring op-A 2nd"]
[Site "Hofheim"]
[Date "2014.04.25"]
[Round "7"]
[White "Boeddeker, Henry"]
[Black "Humburg, Philipp"]
[Result "1-0"]
[WhiteElo "1814"]
[BlackElo "2088"]
[PlyCount "53"]
[EventDate "2014.04.22"]
[EventType "swiss"]
[EventRounds "9"]
[EventCountry "GER"]
[SourceTitle "CBM 160 Extra"]
[Source "ChessBase"]
[SourceDate "2014.07.01"]
[SourceVersion "1"]
[SourceVersionDate "2014.07.01"]
[SourceQuality "1"]

1. e4 c5 2. Nf3 e6 3. b3 b6 4. Bb2 Bb7 5. e5 Qc7 6. Qe2 Nc6 7. Nc3 a6 8. Ne4 Nb4 9. Nd6+ Bxd6 10. exd6 Qxd6 11. Bxg7 Nxc2+ 12. Kd1 Nxa1 13. Bxh8 f6 14. Ng5 0-0-0 15. Nf7 Qd4 16. Nxd8 Qb2 17. Qd3 Kxd8 18. Qxh7 Ne7 19. f3 Nf5 20. Bd3 Nxb3 21. axb3 Qa1+ 22. Ke2 Qxh1 23. Bxf6+ Kc7 24. Be5+ Kc6 25. Be4+ Kb5 26. Qxd7+ Kb4 27. Qa4# 1-0

[Event "Hofheim Spring op-A 2nd"]
[Site "Hofheim"]
[Date "2014.04.25"]
[Round "6"]
[White "Werner, Dimo"]
[Black "Boeddeker, Henry"]
[Result "1/2-1/2"]
[WhiteElo "2103"]
[BlackElo "1814"]
[PlyCount "41"]
[EventDate "2014.04.22"]
[EventType "swiss"]
[EventRounds "9"]
[EventCountry "GER"]
[SourceTitle "CBM 160 Extra"]
[Source "ChessBase"]
[SourceDate "2014.07.01"]
[SourceVersion "1"]
[SourceVersionDate "2014.07.01"]
[SourceQuality "1"]

1. d4 d5 2. Nf3 Nf6 3. c4 c6 4. e3 Bf5 5. Bd3 Bxd3 6. Qxd3 e6 7. 0-0 Nbd7 8. Nc3 Bd6 9. e4 dxe4 10. Nxe4 Nxe4 11. Qxe4 0-0 12. Bg5 Qa5 13. Rfd1 Rae8 14. Bd2 Qh5 15. Bc3 f5 16. Qh4 Qxh4 17. Nxh4 Nf6 18. Nf3 Ne4 19. Be1 Rd8 20. Nd2 Nxd2 21. Bxd2 1/2-1/2

[Event "Hofheim Spring op-A 2nd"]
[Site "Hofheim"]
[Date "2014.04.23"]
[Round "3"]
[White "Boeddeker, Henry"]
[Black "Rolle, Eric"]
[Result "0-1"]
[WhiteElo "1814"]
[BlackElo "2256"]
[PlyCount "110"]
[EventDate "2014.04.22"]
[EventType "swiss"]
[EventRounds "9"]
[EventCountry "GER"]
[SourceTitle "CBM 160 Extra"]
[Source "ChessBase"]
[SourceDate "2014.07.01"]
[SourceVersion "1"]
[SourceVersionDate "2014.07.01"]
[SourceQuality "1"]

1. e4 d5 2. exd5 Qxd5 3. d4 Nc6 4. Nf3 Bg4 5. Be3 0-0-0 6. c4 Qa5+ 7. Qd2 Bxf3 8. Qxa5 Nxa5 9. gxf3 e6 10. Nd2 Bb4 11. 0-0-0 Bxd2+ 12. Kxd2 c5 13. Kc3 Nc6 14. d5 exd5 15. Bh3+ Kc7 16. Rxd5 Rxd5 17. cxd5 Nb4 18. Rd1 Nf6 19. Kc4 Rd8 20. d6+ Kc6 21. Bxc5 Nbd5 22. Ba3 b5+ 23. Kb3 Nb6 24. Rc1+ Nc4 25. Bf1 Ne8 26. Bxc4 bxc4+ 27. Rxc4+ Kd5 28. Rc1 Ke5 29. Rd1 Kf4 30. Rd3 Nf6 31. Kc4 Nd7 32. Kd5 Ne5 33. Re3 f6 34. Rxe5 fxe5 35. Ke6 g5 36. d7 Kxf3 37. Bc5 g4 38. Ke7 Ra8 39. d8Q Rxd8 40. Kxd8 Kg2 41. Ke7 h5 42. Kf6 h4 43. Kg5 g3 44. fxg3 h3 45. Kh4 Kxh2 46. g4 Kg2 47. Bg1 e4 48. g5 e3 49. Bxe3 h2 50. Bxa7 h1Q+ 51. Kg4 Qd1+ 52. Kf5 Qd7+ 53. Kf6 Qxa7 54. g6 Qxa2 55. b4 Qg8 0-1

[Event "Hessen-ch U18"]
[Site "Bad Homburg"]
[Date "2014.04.18"]
[Round "6"]
[White "Boeddeker, Henry"]
[Black "Wiewesiek, Timo"]
[Result "1-0"]
[WhiteElo "1814"]
[BlackElo "1745"]
[PlyCount "117"]
[EventDate "2014.04.??"]
[EventType "swiss"]
[EventRounds "7"]
[EventCountry "GER"]
[SourceTitle "EXT 2022"]
[Source "ChessBase"]
[SourceDate "2021.10.06"]
[SourceVersion "1"]
[SourceVersionDate "2021.10.06"]
[SourceQuality "1"]

1. e4 d5 2. exd5 Qxd5 3. d4 c6 4. Nf3 Bg4 5. c4 Bxf3 6. gxf3 Qa5+ 7. Nc3 Nf6 8. Be3 e6 9. Qb3 Qb4 10. Rg1 g6 11. Qxb4 Bxb4 12. 0-0-0 Nbd7 13. Ne4 Be7 14. Bh6 0-0-0 15. Ng5 Bf8 16. Nxf7 Bxh6+ 17. Nxh6 Rhf8 18. Bh3 Nh5 19. Bxe6 Nf4 20. Bxd7+ Rxd7 21. Rge1 Ng2 22. Re4 Rxf3 23. Ng4 Rf5 24. Rd2 Nf4 25. f3 Rd6 26. Re5 Rf8 27. Re7 Rd7 28. Rxd7 Kxd7 29. Kc2 Kd6 30. Kc3 Ne6 31. c5+ Kc7 32. Ne5 Nf4 33. Kc4 Nd5 34. Re2 Rf5 35. Re4 Rg5 36. Ng4 Rf5 37. Ne3 Rxf3 38. Nxd5+ cxd5+ 39. Kxd5 Kd7 40. Rh4 h5 41. b4 a6 42. a4 Ra3 43. a5 Rb3 44. Kc4 Rb1 45. Rf4 Rc1+ 46. Kd5 Ke7 47. Ke5 Rc2 48. h4 Re2+ 49. Re4 Rf2 50. d5 Kd7 51. Rf4 Re2+ 52. Kf6 Rg2 53. Re4 Rg4 54. Re7+ Kc8 55. Ke6 Rxh4 56. Re8+ Kc7 57. d6+ Kc6 58. d7 Rd4 59. d8Q 1-0

[Event "Wiesbaden op 25th"]
[Site "Wiesbaden"]
[Date "2013.08.25"]
[Round "6"]
[White "Puschendorf, Steffen"]
[Black "Boeddeker, Henry"]
[Result "1-0"]
[WhiteElo "2163"]
[BlackElo "1810"]
[PlyCount "74"]
[EventDate "2013.08.22"]
[EventType "swiss"]
[EventRounds "7"]
[EventCountry "GER"]
[SourceTitle "CBM 156 Extra"]
[Source "ChessBase"]
[SourceDate "2013.10.22"]
[SourceVersion "1"]
[SourceVersionDate "2013.10.22"]
[SourceQuality "1"]

1. d4 d5 2. c4 c6 3. Nf3 Nf6 4. g3 Bf5 5. Bg2 e6 6. Nc3 Nbd7 7. 0-0 Be7 8. h3 h6 9. b3 0-0 10. Bb2 a6 11. Ne5 Nxe5 12. dxe5 Nd7 13. e4 dxe4 14. Nxe4 Bxe4 15. Bxe4 Qc7 16. Qe2 Nc5 17. Bc2 a5 18. h4 Rfd8 19. Rad1 Kf8 20. Qe3 Ke8 21. Bd4 b6 22. Rd2 Rab8 23. Bd1 Nd7 24. Bh5 Bc5 25. f4 Bxd4 26. Rxd4 g6 27. Bf3 Nc5 28. Rfd1 Rxd4 29. Qxd4 Rc8 30. h5 Nb7 31. hxg6 fxg6 32. Qd3 Qg7 33. Be4 Kf8 34. Qf3 Qe7 35. Bxg6 Rd8 36. Rxd8+ Qxd8 37. Qxc6 Nc5 1-0

[Event "Wiesbaden op 25th"]
[Site "Wiesbaden"]
[Date "2013.08.24"]
[Round "5"]
[White "Stabernack, Joschi"]
[Black "Boeddeker, Henry"]
[Result "0-1"]
[WhiteElo "2041"]
[BlackElo "1744"]
[PlyCount "84"]
[EventDate "2013.08.22"]
[EventType "swiss"]
[EventRounds "7"]
[EventCountry "GER"]
[SourceTitle "EXT 2014"]
[Source "ChessBase"]
[SourceDate "2013.11.20"]
[SourceVersion "1"]
[SourceVersionDate "2013.11.20"]
[SourceQuality "1"]

1. e4 d6 2. d4 Nf6 3. Nc3 e5 4. Nf3 Nbd7 5. g3 Be7 6. Bg2 c6 7. 0-0 0-0 8. h3 b5 9. a3 Qc7 10. Be3 Nb6 11. Nd2 a5 12. f4 exf4 13. Bxf4 Be6 14. b3 a4 15. b4 Rac8 16. Kh2 Nc4 17. Nxc4 Bxc4 18. Re1 Qd7 19. e5 Nd5 20. Ne4 Nxf4 21. gxf4 Qf5 22. Qg4 Qxg4 23. hxg4 dxe5 24. fxe5 f6 25. exf6 Bxf6 26. Nd6 Bxd4 27. Rad1 Bf2 28. Nxc8 Bxe1 29. Ne7+ Kf7 30. Rxe1 Re8 31. Bxc6 Rxe7 32. Rxe7+ Kxe7 33. Kg3 Kd6 34. Be4 Ke5 35. Bxh7 Kd4 36. Kf4 Kc3 37. Bd3 Bxd3 38. cxd3 Kxd3 39. Kf5 Kc3 40. Kg6 Kb3 41. Kxg7 Kxa3 42. Kf8 Kxb4 0-1

[Event "Rhein Main op-A 16th"]
[Site "Bad Homburg"]
[Date "2013.06.02"]
[Round "7"]
[White "Martin, Reiner"]
[Black "Boeddeker, Henry"]
[Result "1-0"]
[WhiteElo "2000"]
[BlackElo "1704"]
[PlyCount "39"]
[EventDate "2013.05.29"]
[EventType "swiss"]
[EventRounds "7"]
[EventCountry "GER"]
[SourceTitle "EXT 2014"]
[Source "ChessBase"]
[SourceDate "2013.11.20"]
[SourceVersion "1"]
[SourceVersionDate "2013.11.20"]
[SourceQuality "1"]

1. d4 d5 2. c4 c6 3. Nf3 Nf6 4. e3 Bf5 5. Nc3 e6 6. Nh4 Bg6 7. Be2 Nbd7 8. Bd2 Bd6 9. Rc1 Ne4 10. Nxg6 Nxc3 11. bxc3 hxg6 12. cxd5 exd5 13. g3 Nf6 14. c4 Ne4 15. Bf3 Qe7 16. cxd5 Bb4 17. Bxb4 Qxb4+ 18. Kf1 Qb5+ 19. Kg2 Qxd5 20. Rc5 1-0

[Event "Gernsheim U20 op 11th"]
[Site "Gernsheim"]
[Date "2013.05.20"]
[Round "7"]
[White "Boeddeker, Henry"]
[Black "Wunder, Anton"]
[Result "1-0"]
[WhiteElo "1714"]
[BlackElo "1751"]
[PlyCount "73"]
[EventDate "2013.05.18"]
[EventType "swiss"]
[EventRounds "7"]
[EventCountry "GER"]
[SourceTitle "EXT 2015"]
[Source "ChessBase"]
[SourceDate "2014.11.20"]
[SourceVersion "1"]
[SourceVersionDate "2014.11.20"]
[SourceQuality "1"]

1. e4 e6 2. Nf3 d5 3. Nc3 Nf6 4. e5 Nfd7 5. d4 c5 6. dxc5 Bxc5 7. Bd3 Nc6 8. Bf4 Qb6 9. 0-0 Qd8 10. Re1 Nb4 11. Qe2 Nxd3 12. cxd3 h6 13. d4 Bb4 14. Rac1 Bxc3 15. Rxc3 Nb6 16. Nd2 Bd7 17. Rg3 g5 18. Be3 Qe7 19. f4 gxf4 20. Bxf4 Qb4 21. Nb3 Rc8 22. Rg7 Rc2 23. Bd2 Qe7 24. Rf1 Rf8 25. Qh5 Ba4 26. Bxh6 Bxb3 27. axb3 Rxb2 28. Rh7 Rg8 29. g3 Rg6 30. Rh8+ Kd7 31. Rf8 Rxh6 32. Qxh6 Qb4 33. R8xf7+ Kc6 34. Qxe6+ Kb5 35. Qe8+ Ka6 36. Ra1+ Na4 37. Rxa4+ 1-0

[Event "Gernsheim U20 op 11th"]
[Site "Gernsheim"]
[Date "2013.05.20"]
[Round "6"]
[White "Hess, Steffen"]
[Black "Boeddeker, Henry"]
[Result "1-0"]
[WhiteElo "1985"]
[BlackElo "1714"]
[PlyCount "88"]
[EventDate "2013.05.18"]
[EventType "swiss"]
[EventRounds "7"]
[EventCountry "GER"]
[SourceTitle "EXT 2015"]
[Source "ChessBase"]
[SourceDate "2014.11.20"]
[SourceVersion "1"]
[SourceVersionDate "2014.11.20"]
[SourceQuality "1"]

1. d4 d5 2. Nf3 Nf6 3. e3 Bg4 4. c4 c6 5. Nc3 Nbd7 6. cxd5 cxd5 7. Qb3 Bxf3 8. gxf3 Qb6 9. Nxd5 Nxd5 10. Qxd5 e6 11. Qb5 Bb4+ 12. Bd2 Bxd2+ 13. Kxd2 Qd6 14. Bd3 0-0 15. Ke2 e5 16. Rad1 exd4 17. Bxh7+ Kxh7 18. Rxd4 Qe6 19. Rxd7 Qxa2 20. Rhd1 b6 21. R1d2 Rac8 22. Qd5 Qxd5 23. R2xd5 Rc4 24. Rxa7 Rb4 25. Rd2 Kg6 26. f4 Rh8 27. Rb7 f6 28. Kd1 Rxh2 29. Kc2 Rh5 30. Rbd7 Rhb5 31. Kb1 Kh6 32. R7d4 Rb3 33. Ka2 g5 34. Rd6 Kg6 35. fxg5 Kxg5 36. R6d5+ Kg6 37. Rxb5 Rxb5 38. Ka3 Kg5 39. b4 Rf5 40. Kb3 Kg4 41. Rd6 Kf3 42. Rxb6 Kxf2 43. Re6 Re5 44. Rxe5 fxe5 1-0